[Event "XIV Figueira da Foz Open 2020"]
[Site "Figueira da Foz"]
[Date "2020.10.31"]
[Round "9.17"]
[White "Fonseca, Pedro Miguel Ramos"]
[Black "Costa, Joao Guerra"]
[Result "0-1"]
[WhiteElo "1590"]
[BlackElo "2150"]
[Annotator "TA"]
[PlyCount "86"]
[EventDate "2020.10.24"]
[EventType "swiss"]
[EventCountry "POR"]
[SourceTitle "playchess.com"]
[Source "ChessBase"]
[SourceQuality "1"]

{[%evp 16,86,12,15,8,-27,-21,-36,-48,-74,-98,-250,-264,-245,-246,-254,-224,-241,-179,-162,-171,-225,-232,-233,-222,-238,-223,-272,-227,-295,-282,-283,91,91,97,99,137,102,226,224,202,206,333,316,367,364,516,504,473,461,542,301,1299,1211,1348,1127,4886,4392,29977,29978,12837,-29986,-29987,-29987,-29988,-29988,-29989,-29989,-29978,-12845,-12845,-12845,-12846]} 1. e4 c5 2. Nf3 e6 3. d4 cxd4 4. Nxd4 Nf6 5. Nc3 a6 6. Be3 d6 7. Be2 Be7 {The old main line.} 8. O-O O-O 9. Qd2 b5 {B84: Sicilian Scheveningen: 6 Be2 a6, lines without early Be3.} 10. a3 Bb7 11. Bf3 {Threatening e5.} Qc7 {Black is slightly better.} 12. Rad1 Nbd7 {[%cal Bb8d7,Bd7e5,Be5f3][%mdl 32] [#]} 13. Ndxb5 $146 {[#]} (13. Rfe1 $17 {was necessary.}) ({Predecessor:} 13. Qe2 Ne5 14. Nb3 Nxf3+ 15. Qxf3 d5 16. exd5 Nxd5 17. Nxd5 Bxd5 18. Qe2 Rac8 19. Qg4 Qxc2 {0-1 (40) Krist,S (1326)-Loehr,H (1837) Frankfurt Sossenheim 2015}) 13... axb5 $19 14. Nxb5 Qb8 15. Nxd6 Ne5 16. Nxb7 Nxf3+ 17. gxf3 Qxb7 18. Qc1 (18. c4 {keeps fighting.}) 18... Nd7 19. Bd4 Bf6 20. Bxf6 Nxf6 21. Rd3 Nd7 22. Rfd1 Ne5 23. Rb3 Nxf3+ $2 {[#]} (23... Qe7 $19 {White must now prevent ...Qh4.} 24. f4 Ng6) 24. Rxf3 $16 Qxe4 25. Rdd3 e5 26. Qe3 Ra4 (26... Qc4 $16) 27. Qxe4 $18 Rxe4 28. Rfe3 Rxe3 (28... Rc4 $142 29. Rxe5 Rxc2) 29. Rxe3 {[%mdl 4096] Endgame KR-KR} ({Less strong is} 29. fxe3 Rc8 $16) 29... f6 30. c4 Rd8 (30... Kf7 {was called for.} 31. c5 Ke6) 31. Rc3 Kf7 32. b4 {[%cal Bb2b4,Bb4b5][%mdl 32]} e4 33. a4 f5 $2 (33... Rd1+ 34. Kg2 Ra1) 34. b5 f4 35. c5 f3 36. Rc1 Rd2 37. c6 e3 38. c7 $4 {[%mdl 8192]} (38. fxe3 $18 Rd8 39. c7 f2+ 40. Kxf2) 38... e2 39. h4 Rd1+ 40. Rxd1 exd1=Q+ (40... exd1=R+ $2 {loses.} 41. Kh2 $18) 41. Kh2 Qf1 {[%csl Gf3][%cal Rf1g2]} 42. Kg3 Qg2+ 43. Kf4 Qh2+ {[%mdl 64] Double Attack. Av CentiPawn Loss W=-81/B=432. Weighted=-104/36} 0-1